Código civil y comercial (Registro nro. 3497)

Detalles MARC
000 -LEADER
fixed length control field 01200 a2200301 4500
001 - CONTROL NUMBER
control field 41399
005 - DATE AND TIME OF LATEST TRANSACTION
control field 20260407155708.0
008 - FIXED-LENGTH DATA ELEMENTS--GENERAL INFORMATION
fixed length control field 260407a2015 arg spa d
003 - CONTROL NUMBER IDENTIFIER
control field AR-UNSa-BCEJYS
040 ## - CATALOGING SOURCE
Original cataloging agency AR-UNSa-BCEJYS
Language of cataloging spa
Transcribing agency AR-UNSa-BCEJYS
080 ## - UNIVERSAL DECIMAL CLASSIFICATION NUMBER
Universal Decimal Classification number 347.1/7(094.4)
Common auxiliary subdivision Código Civil y Comercial
020 ## - INTERNATIONAL STANDARD BOOK NUMBER
International Standard Book Number 978-987-706-049-2
041 ## - LANGUAGE CODE
Language code of text/sound track or separate title spa
100 1# - MAIN ENTRY--PERSONAL NAME
Personal name Argentina (Código Civil y Comercial)
245 10 - TITLE STATEMENT
Title Código civil y comercial
Name of part/section of a work concordado con el régimen derogado y referenciado con legislación vigente
250 ## - EDITION STATEMENT
Edition statement 2a. reimp.
264 #1 - PRODUCTION, PUBLICATION, DISTRIBUTION, MANUFACTURE, AND COPYRIGHT NOTICE
Place of production, publication, distribution, manufacture Buenos Aires :
Name of producer, publisher, distributor, manufacturer Astrea
Date of production, publication, distribution, manufacture, or copyright notice 2015
300 ## - PHYSICAL DESCRIPTION
Extent xxiv, 780 p.
Dimensions 23 cm.
505 ## - FORMATTED CONTENTS NOTE
Formatted contents note 1. Parte general - 2. Relaciones de familia - 3. Derechos personales - 4. Derecho reales - 5. Transmisión de derechos por causa de muerte - 6. Disposiciones comunes a los derechos personales y reales
590 ## - LOCAL NOTE (RLIN)
Local note niveau_biblio:m niveau_hierar:0
700 1# - ADDED ENTRY--PERSONAL NAME
Personal name Zannoni, Eduardo A.
700 1# - ADDED ENTRY--PERSONAL NAME
Personal name Mariani de Vidal, Marina
700 1# - ADDED ENTRY--PERSONAL NAME
Personal name Zunino, Jorge Osvaldo
700 1# - ADDED ENTRY--PERSONAL NAME
Personal name Shina, Fernando E.
700 1# - ADDED ENTRY--PERSONAL NAME
Personal name Ramos, Gloria S.
856 41 - ELECTRONIC LOCATION AND ACCESS
Uniform Resource Identifier <a href="https://biblioeco.unsa.edu.ar/pmb/images/libros/L126473.jpg">https://biblioeco.unsa.edu.ar/pmb/images/libros/L126473.jpg</a>
Link text Imagen de portada
Electronic format type image/jpeg
942 ## - ADDED ENTRY ELEMENTS (KOHA)
Koha item type
Existencias
Withdrawn status Lost status Damaged status Not for loan Home library Current library Shelving location Date acquired Total checkouts Full call number Barcode Date last seen Price effective from Koha item type
        Biblioteca Prof. Eusebio Cleto del Rey Biblioteca Prof. Eusebio Cleto del Rey   07/04/2026   347.1/7(094.4) A691as/15 L126473 07/04/2026 07/04/2026 Libro